Weihnachtsevangelium - Statistiken

Allgemein
  • Dieses Quiz wurde 402 mal gespielt
  • Das Durchschnittsergebnis liegt bei 14 aus 20
Antwortstatistiken
Vers % Korrekt
Lk 2,5 Er wollte sich eintragen lassen mit Maria, seiner Verlobten, die ein {Kind} erwartete.
98%
Lk 2,7 und sie gebar ihren Sohn, den Erstgeborenen. Sie wickelte ihn in Windeln und legte ihn in eine {Krippe}, weil in der Herberge kein Platz für sie war.
98%
Lk 2,8 In jener Gegend lagerten {Hirten} auf freiem Feld und hielten Nachtwache bei ihrer Herde.
96%
Lk 2,1 In jenen Tagen erließ Kaiser {Augustus} den Befehl, alle Bewohner des Reiches in Steuerlisten einzutragen.
93%
Lk 2,4 So zog auch Josef von der Stadt Nazaret in Galiläa hinauf nach Judäa in die Stadt Davids, die {Betlehem} heißt; denn er war aus dem Haus und Geschlecht Davids.
93%
Lk 2,2 Dies geschah zum {ersten} Mal; damals war Quirinius Statthalter von Syrien.
91%
Lk 2,12 Und das soll euch als Zeichen dienen: Ihr werdet ein Kind finden, das, in {Windeln} gewickelt, in einer Krippe liegt.
87%
Lk 2,9 Da trat der Engel des Herrn zu ihnen und der Glanz des Herrn umstrahlte sie. Sie {fürchteten} sich sehr,
86%
Lk 2,6 Als sie dort waren, kam für Maria die {Zeit} ihrer Niederkunft,
85%
Lk 2,3 Da ging jeder in seine {Stadt}, um sich eintragen zu lassen.
83%
Lk 2,15 Als die Engel sie verlassen hatten und in den {Himmel} zurückgekehrt waren, sagten die Hirten zueinander: Kommt, wir gehen nach Betlehem, um das Ereignis zu sehen, das uns der Herr verkünden ließ.
79%
Lk 2,10 der Engel aber sagte zu ihnen: Fürchtet euch nicht, denn ich verkünde euch eine große Freude, die dem ganzen {Volk} zuteil werden soll:
69%
Lk 2,19 Maria aber bewahrte alles, was geschehen war, in ihrem {Herzen} und dachte darüber nach.
62%
Lk 2,14 Verherrlicht ist Gott in der Höhe / und auf Erden ist {Friede} / bei den Menschen seiner Gnade.
57%
Lk 2,20 Die Hirten kehrten zurück, rühmten Gott und {priesen} ihn für das, was sie gehört und gesehen hatten; denn alles war so gewesen, wie es ihnen gesagt worden war.
54%
Lk 2,16 So eilten sie hin und fanden {Maria} {und} {Josef} und das Kind, das in der Krippe lag.
54%
Lk 2,11 Heute ist euch in der Stadt Davids der Retter geboren; er ist der {Messias}, der Herr.
47%
Lk 2,13 Und plötzlich war bei dem Engel ein großes himmlisches {Heer}, das Gott lobte und sprach:
40%
Lk 2,18 Und alle, die es hörten, staunten über die {Worte} der Hirten.
38%
Lk 2,17 Als sie es sahen, {erzählten} sie, was ihnen über dieses Kind gesagt worden war.
37%
Keine übereinstimmenden Quizze gefunden
Verteilung der Resultate
Anzahl Personen mit jedem Resultat
Perzentil nach korrekt beantworteten Fragen
Ihre Resultats-Entwicklung
Sie haben dieses Quiz noch nicht gespielt